[Event "V Festival Magistrale"]
[Site "Catania ITA"]
[Date "1994.08.08"]
[Round "3"]
[White "Contin, Daniel"]
[Black "Sedina, Elena"]
[Result "1/2-1/2"]
[WhiteElo "2425"]
[BlackElo "2335"]
[PlyCount "95"]
[EventDate "1994.08.06"]

1. c4 e5 2. Nc3 Bb4 3. Qb3 Nc6 4. Nf3 d6 5. e3 Nge7 6. Be2 O-O 7. O-O Bxc3 8.
Qxc3 Bg4 9. h3 Bh5 10. d3 f5 11. b4 Qe8 12. Re1 Kh8 13. Bb2 Ng6 14. b5 Nd8 15.
Nxe5 Nxe5 16. f4 Bxe2 17. Rxe2 Qh5 18. Rf2 Ndf7 19. fxe5 Nxe5 20. Raf1 Rae8 21.
e4 f4 22. Rxf4 Rxf4 23. Rxf4 Qd1+ 24. Rf1 Qxd3 25. Qxd3 Nxd3 26. Bd4 Kg8 27.
Rf3 Nc1 28. Re3 Nxa2 29. Kf2 Nb4 30. Re2 a5 31. Ke3 g6 32. Kd2 Re6 33. e5 dxe5
34. Bxe5 c6 35. Kc3 cxb5 36. cxb5 Nd5+ 37. Kd4 Nf4 38. Rc2 g5 39. Rc8+ Kf7 40.
Rh8 Rxe5 41. Rxh7+ Kg6 42. Rxb7 Re2 43. g3 Nxh3 44. Ra7 Rg2 45. b6 Rxg3 46. Kc4
Rg1 47. b7 Rb1 48. Kc5 1/2-1/2

[Event "V Festival Magistrale"]
[Site "Catania ITA"]
[Date "1994.08.08"]
[Round "3"]
[White "De La Rocha Prieto, Ramon"]
[Black "Forintos, Gyozo Victor"]
[Result "0-1"]
[WhiteElo "2340"]
[BlackElo "2450"]
[PlyCount "54"]
[EventDate "1994.08.06"]

1. d4 e6 2. c4 b6 3. d5 Nf6 4. a3 Bb7 5. Nc3 Bd6 6. Nf3 O-O 7. Bg5 h6 8. Bh4
Be7 9. Bg3 d6 10. e4 Nh5 11. dxe6 fxe6 12. Nd4 Nxg3 13. hxg3 Bf6 14. Be2 Qe7
15. Rc1 c5 16. Nf3 Nc6 17. O-O Rad8 18. Bd3 Qf7 19. Qa4 g5 20. b4 g4 21. b5 Nd4
22. Nh2 Qg7 23. Qxa7 Nb3 24. Ne2 Nxc1 25. Rxc1 Rd7 26. Qxb6 Ra8 27. Nf4 Bd8 0-1

[Event "V Festival Magistrale"]
[Site "Catania ITA"]
[Date "1994.08.08"]
[Round "3"]
[White "Fabiano, Giuseppe"]
[Black "Parrella, Alfredo"]
[Result "1-0"]
[WhiteElo "2210"]
[BlackElo "2210"]
[PlyCount "103"]
[EventDate "1994.08.06"]

1. e4 e6 2. d3 c5 3. Nf3 Nc6 4. g3 g6 5. Bg2 Bg7 6. O-O Nge7 7. Re1 d6 8. c3
O-O 9. Qe2 Rb8 10. Be3 b6 11. Nbd2 Ba6 12. Rad1 Qc7 13. h4 Ne5 14. Nxe5 dxe5
15. Nf3 Rbd8 16. Qc2 Rd6 17. Rd2 Rfd8 18. Red1 Qd7 19. d4 Qc7 20. dxc5 Rxd2 21.
Rxd2 Rxd2 22. Nxd2 Nc8 23. Qa4 Bb7 24. cxb6 axb6 25. Qe8+ Bf8 26. Bh6 Qe7 27.
Qxe7 Bxe7 28. Be3 Bd8 29. Nc4 Bc7 30. a4 Ba6 31. Bf1 Bb7 32. Bd3 Bc6 33. b3 Kf8
34. Kf1 Ke7 35. Ke2 f5 36. f3 f4 37. Bf2 h6 38. g4 g5 39. hxg5 hxg5 40. Kd2 Be8
41. Kc2 Kd7 42. Na3 Nd6 43. Ba6 Bd8 44. Kd3 Kc7 45. Nc4 Nxc4 46. Kxc4 Bd7 47.
Bb5 Bc8 48. b4 Kb7 49. Be8 Ka7 50. a5 Kb7 51. axb6 Bxb6 52. Bc5 1-0

[Event "V Festival Magistrale"]
[Site "Catania ITA"]
[Date "1994.08.08"]
[Round "3"]
[White "Farina, Saverio"]
[Black "Agnello, Giuseppe"]
[Result "1-0"]
[WhiteElo "2100"]
[BlackElo "2195"]
[PlyCount "69"]
[EventDate "1994.08.06"]

1. d4 Nf6 2. c4 g6 3. Nc3 Bg7 4. e4 d6 5. Nge2 O-O 6. Ng3 e5 7. d5 Ne8 8. h4
Bf6 9. h5 Bg5 10. Bd3 Na6 11. Bd2 Bd7 12. Qc1 Bxd2+ 13. Qxd2 Qf6 14. O-O-O Qf4
15. Qxf4 exf4 16. Nge2 g5 17. Nd4 Nf6 18. f3 h6 19. Nce2 c5 20. dxc6 bxc6 21.
g3 c5 22. Nc2 fxg3 23. Nxg3 Be6 24. Ne3 Nd7 25. Ngf5 Bxf5 26. Nxf5 Kh7 27. Bb1
Ne5 28. Rxd6 Nc7 29. Rxh6+ Kg8 30. f4 Nxc4 31. Ne7+ Kg7 32. fxg5 Ne6 33. Nf5+
Kg8 34. g6 Rae8 35. Rh7 1-0

[Event "V Festival Magistrale"]
[Site "Catania ITA"]
[Date "1994.08.08"]
[Round "3"]
[White "Genovese, Maurizio"]
[Black "Zichichi, Alvise"]
[Result "0-1"]
[WhiteElo "2250"]
[BlackElo "2295"]
[PlyCount "95"]
[EventDate "1994.08.06"]

1. d4 d5 2. c4 c6 3. Nf3 Nf6 4. Nc3 a6 5. a4 g6 6. Bf4 Bg7 7. e3 O-O 8. b4 Bg4
9. Qb3 Bxf3 10. gxf3 Nh5 11. Bxb8 Qxb8 12. cxd5 e5 13. dxe6 fxe6 14. Qxe6+ Kh8
15. Ne4 a5 16. Bd3 axb4 17. Qc4 Rxf3 18. Ng5 Qf8 19. Nxf3 Qxf3 20. Rf1 b5 21.
Be2 Qe4 22. Qxb4 Nf6 23. Qb1 Qe7 24. axb5 Rd8 25. Ra2 Ng8 26. Kd1 c5 27. Rd2
cxd4 28. exd4 Nf6 29. Bf3 Qa3 30. Be4 Qa4+ 31. Bc2 Qc4 32. Rg1 Nd5 33. Rd3 Nc3+
34. Rxc3 Qxc3 35. Rg3 Qxd4+ 36. Rd3 Qg4+ 37. Ke1 Re8+ 38. Re3 Qg1+ 39. Ke2 Qg4+
40. Kf1 Rf8 41. Qe1 Bd4 42. Re8 Qd7 43. Kg2 Bxf2 44. Qxf2 Rxe8 45. b6 Qg4+ 46.
Kh1 Qe6 47. Kg2 Qd5+ 48. Kg3 0-1

[Event "V Festival Magistrale"]
[Site "Catania ITA"]
[Date "1994.08.08"]
[Round "3"]
[White "Lagumina, Giulio"]
[Black "Stassi, Emilio"]
[Result "1-0"]
[WhiteElo "2290"]
[BlackElo "2150"]
[PlyCount "65"]
[EventDate "1994.08.06"]

1. e4 c5 2. Nf3 d6 3. d4 cxd4 4. Qxd4 Nc6 5. Bb5 Bd7 6. Bxc6 Bxc6 7. Nc3 Nf6 8.
Bg5 h6 9. Bxf6 gxf6 10. O-O-O Qa5 11. Kb1 Rg8 12. Nh4 Qc5 13. f4 Qxd4 14. Rxd4
e6 15. f5 Rg4 16. g3 e5 17. Rd2 Bxe4 18. Rhd1 Bc6 19. Ng2 Bf3 20. Rg1 Kd7 21.
Nd5 Bxd5 22. Rxd5 Kc6 23. Ne3 Re4 24. Rd3 Rxe3 25. Rxe3 d5 26. Rc3+ Kd6 27. Rd3
e4 28. Rd4 Ke5 29. Rgd1 Kxf5 30. Rxd5+ Kg4 31. Rf1 Re8 32. Rf4+ Kh3 33. Rd2 1-0

[Event "V Festival Magistrale"]
[Site "Catania ITA"]
[Date "1994.08.08"]
[Round "3"]
[White "Mantovani, Renzo"]
[Black "Godena, Michele"]
[Result "1/2-1/2"]
[WhiteElo "2365"]
[BlackElo "2485"]
[PlyCount "36"]
[EventDate "1994.08.06"]

1. d4 d5 2. c4 e6 3. Nc3 c6 4. cxd5 exd5 5. Nf3 Bf5 6. Bf4 Bd6 7. Bxd6 Qxd6 8.
e3 Ne7 9. Bd3 Nd7 10. O-O Bg4 11. Re1 f5 12. Qc2 Bxf3 13. gxf3 O-O 14. Kh1 Kh8
15. Ne2 c5 16. dxc5 Nxc5 17. Rad1 Rac8 18. Qd2 Qf6 1/2-1/2

[Event "V Festival Magistrale"]
[Site "Catania ITA"]
[Date "1994.08.08"]
[Round "3"]
[White "Ortega, Lexy"]
[Black "D'Amore, Carlo"]
[Result "0-1"]
[WhiteElo "2450"]
[BlackElo "2420"]
[PlyCount "59"]
[EventDate "1994.08.06"]

1. d4 Nf6 2. Nf3 c5 3. c4 cxd4 4. Nxd4 e5 5. Nb5 d5 6. cxd5 Bc5 7. e3 O-O 8.
N5c3 e4 9. Nd2 Qe7 10. a3 a5 11. h3 Rd8 12. Qc2 Bf5 13. Nb3 Bb6 14. Bd2 a4 15.
Nc1 Nxd5 16. Nxd5 Rxd5 17. Bc4 Qc7 18. Bb4 Rd8 19. Qe2 Nc6 20. Na2 Ne5 21. Bb5
Nd3+ 22. Bxd3 exd3 23. Qd2 Qc6 24. O-O Bxh3 25. gxh3 Qf3 26. Nc3 Ra6 27. Be7
Bc7 28. Bg5 Rg6 29. Ne4 Qxe4 30. f4 0-1

[Event "V Festival Magistrale"]
[Site "Catania ITA"]
[Date "1994.08.08"]
[Round "3"]
[White "Rausis, Igors"]
[Black "Naumkin, Igor"]
[Result "1/2-1/2"]
[WhiteElo "2485"]
[BlackElo "2475"]
[PlyCount "24"]
[EventDate "1994.08.06"]

1. Nf3 Nf6 2. g3 b6 3. Bg2 Bb7 4. O-O e6 5. c4 Be7 6. Nc3 O-O 7. d4 Ne4 8. Nxe4
Bxe4 9. Ne1 Bxg2 10. Nxg2 d5 11. Qa4 dxc4 12. Qxc4 c5 1/2-1/2

[Event "V Festival Magistrale"]
[Site "Catania ITA"]
[Date "1994.08.08"]
[Round "3"]
[White "Sax, Gyula"]
[Black "Arlandi, Ennio"]
[Result "1-0"]
[WhiteElo "2530"]
[BlackElo "2425"]
[PlyCount "61"]
[EventDate "1994.08.06"]

1. e4 e5 2. Nf3 Nf6 3. d4 Nxe4 4. Bd3 d5 5. Nxe5 Nd7 6. Nxd7 Bxd7 7. O-O Qh4 8.
c4 Nf6 9. Qe2+ Be7 10. f4 dxc4 11. Bxc4 Kf8 12. Nd2 Bc6 13. Nf3 Qg4 14. Qc2 Bd6
15. Ng5 Nd5 16. h3 Qd7 17. Nxh7+ Kg8 18. Ng5 Re8 19. Bd2 b5 20. Bb3 Re2 21. Rf2
Re7 22. Re1 Rxe1+ 23. Bxe1 Rh6 24. Bd2 Be7 25. Nf3 Nb4 26. Bxb4 Bxb4 27. Ne5
Qxd4 28. Nxc6 Rxc6 29. Qxc6 Bc5 30. Qe8+ Kh7 31. Bc2+ 1-0

[Event "V Festival Magistrale"]
[Site "Catania ITA"]
[Date "1994.08.08"]
[Round "3"]
[White "Urday Caceres, Henry"]
[Black "Marinelli, Tullio"]
[Result "0-1"]
[WhiteElo "2470"]
[BlackElo "2375"]
[PlyCount "52"]
[EventDate "1994.08.06"]

1. d4 Nf6 2. Nf3 e6 3. e3 b6 4. Bd3 Bb7 5. O-O Be7 6. c4 O-O 7. Nc3 d5 8. b3 c5
9. Bb2 Nc6 10. Qe2 cxd4 11. exd4 Rc8 12. Rfd1 Nb4 13. Bb1 dxc4 14. bxc4 Bxf3
15. gxf3 Qc7 16. a3 Nc6 17. d5 Na5 18. d6 Bxd6 19. Nb5 Bxh2+ 20. Kg2 Qb8 21.
Rh1 Bf4 22. Bxh7+ Nxh7 23. Rxh7 Kxh7 24. Rh1+ Kg8 25. Qe4 f6 26. Qg6 Rc5 0-1

[Event "V Festival Magistrale"]
[Site "Catania ITA"]
[Date "1994.08.08"]
[Round "3"]
[White "Zueger, Beat"]
[Black "Maksimenko, Andrei"]
[Result "1/2-1/2"]
[WhiteElo "2420"]
[BlackElo "2525"]
[PlyCount "34"]
[EventDate "1994.08.06"]

1. c4 e6 2. g3 d5 3. Bg2 Nf6 4. Nf3 dxc4 5. Qa4+ c6 6. Qxc4 b5 7. Qc2 Bb7 8.
O-O Nbd7 9. Nc3 a6 10. b3 c5 11. a4 Qb6 12. axb5 axb5 13. Rxa8+ Bxa8 14. Qd3
Bc6 15. Nh4 b4 16. Bxc6 Qxc6 17. Na4 Be7 1/2-1/2

[Event "V Festival Magistrale"]
[Site "Catania ITA"]
[Date "1994.08.09"]
[Round "4"]
[White "Agnello, Giuseppe"]
[Black "Gueci, Riccardo"]
[Result "1-0"]
[WhiteElo "2195"]
[BlackElo "2205"]
[PlyCount "87"]
[EventDate "1994.08.06"]

1. d4 c5 2. d5 Nf6 3. Nc3 Qa5 4. Bd2 b5 5. e4 b4 6. e5 bxc3 7. Bxc3 Qa4 8. exf6
Qe4+ 9. Qe2 Qxe2+ 10. Nxe2 gxf6 11. d6 e5 12. O-O-O Nc6 13. Ng3 Rg8 14. Bd3
Bxd6 15. Bxh7 Rh8 16. Rxd6 Rxh7 17. Rd5 Nb4 18. Bxb4 cxb4 19. Nf5 Kd8 20. f3 a5
21. h4 Kc7 22. Rhd1 d6 23. Nxd6 Be6 24. Rc5+ Kb6 25. Ne4 Rxh4 26. Rd6+ Kb7 27.
Rb5+ Kc7 28. Rc5+ Kb7 29. Rcc6 Rh1+ 30. Kd2 Rg8 31. Nc5+ Kb8 32. Rb6+ Ka8 33.
Ra6+ Kb8 34. Rdb6+ Kc8 35. Ra8+ Kc7 36. Rb7+ Kc6 37. Rxg8 Kxc5 38. b3 Ra1 39.
Ra7 Rxa2 40. Rga8 Kb6 41. Ra6+ Kb5 42. Kc1 Bf5 43. Rxf6 Bxc2 44. Rb8+ 1-0

[Event "V Festival Magistrale"]
[Site "Catania ITA"]
[Date "1994.08.09"]
[Round "4"]
[White "Arlandi, Ennio"]
[Black "Mantovani, Renzo"]
[Result "1-0"]
[WhiteElo "2425"]
[BlackElo "2365"]
[PlyCount "68"]
[EventDate "1994.08.06"]

1. d4 Nf6 2. c4 e6 3. Nc3 Bb4 4. Qc2 O-O 5. a3 Bxc3+ 6. Qxc3 d6 7. g3 Bd7 8.
Bg2 Bc6 9. Nf3 a5 10. b3 Be4 11. O-O Nbd7 12. Bb2 c6 13. Bh3 d5 14. Nd2 b5 15.
Nxe4 Nxe4 16. Qd3 bxc4 17. bxc4 Nd6 18. c5 Nc4 19. Bc3 f5 20. a4 Rb8 21. Rfb1
Qc7 22. e3 Nf6 23. Bf1 Ne4 24. Be1 e5 25. Rxb8 Rxb8 26. f3 exd4 27. fxe4 Ne5
28. Qd1 fxe4 29. exd4 Nf3+ 30. Kh1 Rb2 31. Bg2 Qf7 32. Rb1 Qh5 33. h4 Ra2 34.
Bc3 Rxg2 1-0

[Event "V Festival Magistrale"]
[Site "Catania ITA"]
[Date "1994.08.09"]
[Round "4"]
[White "D'Amore, Carlo"]
[Black "Sax, Gyula"]
[Result "0-1"]
[WhiteElo "2420"]
[BlackElo "2530"]
[PlyCount "82"]
[EventDate "1994.08.06"]

1. c4 Nf6 2. Nf3 c5 3. g3 d5 4. cxd5 Nxd5 5. Bg2 Nc6 6. Nc3 Nc7 7. d3 e5 8. O-O
Be7 9. Nd2 Bd7 10. Nc4 f6 11. Be3 O-O 12. Rc1 Rc8 13. a4 b6 14. f4 exf4 15.
Bxf4 Ne6 16. Nd5 Nxf4 17. Nxf4 Qe8 18. Bd5+ Kh8 19. e4 Nb4 20. b3 Rd8 21. Qe2
Bc8 22. Ne3 Bd6 23. Bc4 Bxf4 24. Rxf4 a6 25. Qf1 Bb7 26. Rh4 g6 27. Ng4 Qe7 28.
Re1 Nc2 29. Re2 Nd4 30. Rf2 f5 31. Ne3 fxe4 32. dxe4 g5 33. Rxh7+ Kxh7 34. Ng4
Kg7 35. Rf5 Rxf5 36. exf5 Nf3+ 37. Kf2 Rd2+ 38. Be2 Rxe2+ 39. Qxe2 Qxe2+ 40.
Kxe2 Nd4+ 41. Kd3 Nxf5 0-1

[Event "V Festival Magistrale"]
[Site "Catania ITA"]
[Date "1994.08.09"]
[Round "4"]
[White "Forintos, Gyozo Victor"]
[Black "Zueger, Beat"]
[Result "1/2-1/2"]
[WhiteElo "2450"]
[BlackElo "2420"]
[PlyCount "22"]
[EventDate "1994.08.06"]

1. d4 Nf6 2. c4 g6 3. Nc3 Bg7 4. e4 d6 5. Nge2 O-O 6. Ng3 c5 7. d5 a6 8. a4 e6
9. Be2 exd5 10. exd5 Nbd7 11. O-O Ne8 1/2-1/2

[Event "V Festival Magistrale"]
[Site "Catania ITA"]
[Date "1994.08.09"]
[Round "4"]
[White "Godena, Michele"]
[Black "Lagumina, Giulio"]
[Result "1-0"]
[WhiteElo "2485"]
[BlackElo "2290"]
[PlyCount "95"]
[EventDate "1994.08.06"]

1. e4 e5 2. Nf3 d6 3. Bc4 Be7 4. d3 Nf6 5. c3 O-O 6. O-O c5 7. Re1 Nc6 8. Bb3
Be6 9. Nbd2 Qc7 10. Nc4 Rad8 11. Ne3 d5 12. Ng5 Na5 13. exd5 Bxd5 14. Nxd5 Nxd5
15. Nf3 Bf6 16. Bc2 Nc6 17. Qe2 Rfe8 18. Qe4 g6 19. h4 Bg7 20. Bd2 Qd7 21. Qc4
Qd6 22. h5 Nf4 23. Bxf4 exf4 24. Ng5 Qc7 25. Bb3 Ne5 26. Rxe5 Bxe5 27. hxg6
hxg6 28. Qxf7+ Qxf7 29. Bxf7+ Kf8 30. Bxe8 Rxe8 31. Re1 Bd6 32. Nh7+ Kf7 33.
Ng5+ Kf8 34. Rxe8+ Kxe8 35. Kf1 Be7 36. Nh3 g5 37. Ke2 Kf7 38. Kf3 Kg6 39. Kg4
Bf6 40. f3 b5 41. Nf2 b4 42. Ne4 Be7 43. cxb4 cxb4 44. b3 Bd8 45. d4 Be7 46. d5
Bd8 47. d6 a5 48. Nc5 1-0

[Event "V Festival Magistrale"]
[Site "Catania ITA"]
[Date "1994.08.09"]
[Round "4"]
[White "Levitt, Jonathan Paul"]
[Black "Farina, Saverio"]
[Result "1-0"]
[WhiteElo "2425"]
[BlackElo "2100"]
[PlyCount "93"]
[EventDate "1994.08.06"]

1. d4 d5 2. Nf3 c5 3. e3 Nf6 4. c4 e6 5. Nc3 Nc6 6. a3 a6 7. dxc5 dxc4 8. Qxd8+
Nxd8 9. Na4 Bd7 10. Nb6 Rb8 11. Bxc4 Bxc5 12. Nxd7 Nxd7 13. Bd2 Be7 14. Ke2 Nc6
15. Rhc1 Bf6 16. Rc2 Ke7 17. Rac1 Rhd8 18. Bd3 Nde5 19. Nxe5 Nxe5 20. Be4 Rd7
21. f4 Nc6 22. Bxc6 bxc6 23. Bb4+ Ke8 24. Rxc6 Bxb2 25. R1c2 a5 26. Rc8+ Rxc8
27. Rxc8+ Rd8 28. Rxd8+ Kxd8 29. Bxa5+ Kd7 30. a4 Kc6 31. Bb4 f5 32. Kd3 g6 33.
Bc3 Bc1 34. Kd4 Kd6 35. a5 Ba3 36. a6 h6 37. Kc4 Kc6 38. Bd4 Bc1 39. h3 Ba3 40.
Kd3 Be7 41. a7 Kb7 42. Kc4 g5 43. Kb5 Bd6 44. a8=Q+ Kxa8 45. Kc6 Bb8 46. g3
gxf4 47. gxf4 1-0

[Event "V Festival Magistrale"]
[Site "Catania ITA"]
[Date "1994.08.09"]
[Round "4"]
[White "Maksimenko, Andrei"]
[Black "Zichichi, Alvise"]
[Result "1-0"]
[WhiteElo "2525"]
[BlackElo "2295"]
[PlyCount "63"]
[EventDate "1994.08.06"]

1. e4 c5 2. Nf3 e6 3. c3 d5 4. exd5 Qxd5 5. Be2 Nf6 6. O-O Nc6 7. d4 cxd4 8.
cxd4 Be7 9. Nc3 Qd6 10. Nb5 Qd8 11. Bf4 Nd5 12. Bg3 O-O 13. Bc4 a6 14. Bxd5
axb5 15. Be4 Nb4 16. a3 f5 17. axb4 Rxa1 18. Qxa1 fxe4 19. Ne1 Qxd4 20. Nc2 Qd2
21. Ne3 Qxb4 22. Rd1 Qb3 23. Qb1 Bg5 24. Nc2 e5 25. Re1 Bg4 26. Ne3 Bd7 27.
Qxe4 Bc6 28. Qb1 Rd8 29. Ng4 Rd2 30. Bf4 exf4 31. Qf5 Qf7 32. Qc8+ 1-0

[Event "V Festival Magistrale"]
[Site "Catania ITA"]
[Date "1994.08.09"]
[Round "4"]
[White "Marinelli, Tullio"]
[Black "Rausis, Igors"]
[Result "1/2-1/2"]
[WhiteElo "2375"]
[BlackElo "2485"]
[PlyCount "153"]
[EventDate "1994.08.06"]

1. d4 g6 2. c4 Bg7 3. e4 c5 4. d5 d6 5. Bd3 e6 6. Ne2 exd5 7. cxd5 Nf6 8. O-O
O-O 9. Nbc3 Na6 10. h3 Rb8 11. Ng3 Nc7 12. a4 a6 13. a5 b5 14. axb6 Rxb6 15. f4
Nb5 16. Bc4 Nd7 17. Bd2 Qh4 18. Be1 Bd4+ 19. Kh2 Qh6 20. Be2 Be3 21. Bd2 Bxd2
22. Qxd2 Nd4 23. Rae1 Rb4 24. Na2 Rb8 25. b4 Nxe2 26. Nxe2 Re8 27. Ng3 a5 28.
bxc5 Nxc5 29. Qxa5 Rb2 30. Re2 Rxe2 31. Nxe2 Nxe4 32. Nac3 Nf6 33. Qa4 Qh4 34.
Qd4 Ng4+ 35. Kg1 Ne3 36. Ne4 Rxe4 37. Qxe4 Nxf1 38. Kxf1 Ba6 39. Qe8+ Kg7 40.
Qe4 Qf6 41. Kf2 Qb2 42. Qd4+ Qxd4+ 43. Nxd4 Bc4 44. g4 Kf8 45. g5 Bxd5 46. Ke3
Ke7 47. h4 Kd7 48. Kd3 Kc7 49. Nc2 Bb3 50. Ne3 Kd7 51. Kc3 Ba4 52. Kd4 Ke6 53.
Ke4 Be8 54. Kd4 Bc6 55. Kc4 f6 56. Kd4 Bf3 57. Kc4 Be4 58. Kd4 Bb1 59. Kc4 Ba2+
60. Kd4 Kf7 61. Ng4 fxg5 62. hxg5 Be6 63. Nf2 Bf5 64. Kd5 Ke7 65. Nd1 Be6+ 66.
Kd4 Kf7 67. Nf2 Bb3 68. Ng4 Bd1 69. Ne3 Bf3 70. Nc4 Ke6 71. Ne3 Bc6 72. Kd3 Bd5
73. Kd4 Ba2 74. Ke4 Ke7 75. Kd4 Be6 76. Nd1 Kf7 77. Nf2 1/2-1/2

[Event "V Festival Magistrale"]
[Site "Catania ITA"]
[Date "1994.08.09"]
[Round "4"]
[White "Naumkin, Igor"]
[Black "Szekely, Peter"]
[Result "1/2-1/2"]
[WhiteElo "2475"]
[BlackElo "2490"]
[PlyCount "86"]
[EventDate "1994.08.06"]

1. d4 Nf6 2. c4 e6 3. Nf3 b6 4. g3 Ba6 5. b3 d5 6. Bg2 Bb4+ 7. Bd2 Be7 8. cxd5
exd5 9. O-O O-O 10. Nc3 Bb7 11. Ne5 Na6 12. Bf4 c5 13. Rc1 Re8 14. dxc5 Nxc5
15. Nf3 Rc8 16. Nb5 a6 17. Nbd4 Bd6 18. Bxd6 Qxd6 19. Nf5 Qd8 20. N3d4 g6 21.
Nh4 Qe7 22. Bh3 Rc7 23. Qd2 Bc8 24. Bg2 Bd7 25. Qg5 Qd6 26. Nhf3 Nce4 27. Qf4
Rec8 28. Qxd6 Nxd6 29. Rxc7 Rxc7 30. Ne5 Nde4 31. e3 Kf8 32. Nd3 Bb5 33. Nxb5
axb5 34. Nb4 Nc3 35. Bf3 Ke7 36. Kg2 Kd6 37. h4 Nfe4 38. Re1 f5 39. Be2 Nxe2
40. Rxe2 Rc1 41. f3 Nc3 42. Rd2 Ke6 43. Kf2 Rh1 1/2-1/2

[Event "V Festival Magistrale"]
[Site "Catania ITA"]
[Date "1994.08.09"]
[Round "4"]
[White "Pantaleoni, Claudio"]
[Black "Fabiano, Giuseppe"]
[Result "1-0"]
[WhiteElo "2225"]
[BlackElo "2210"]
[PlyCount "146"]
[EventDate "1994.08.06"]

1. d4 Nf6 2. Nf3 g6 3. Bg5 Bg7 4. c3 O-O 5. Nbd2 d6 6. e4 Nbd7 7. Bc4 e5 8.
dxe5 dxe5 9. Qe2 Qe7 10. O-O h6 11. Bh4 g5 12. Bg3 Nh5 13. Rfe1 Re8 14. Qd1 Nf4
15. Bxf4 exf4 16. Nb3 g4 17. Nfd4 Ne5 18. Bf1 c5 19. Nf5 Bxf5 20. exf5 g3 21.
hxg3 fxg3 22. fxg3 Qg5 23. Qd2 Qxg3 24. Qe3 Qh4 25. g3 Qh5 26. Bg2 Rad8 27.
Nxc5 Ng4 28. Qf3 Bf8 29. b4 Bxc5+ 30. bxc5 Rxe1+ 31. Rxe1 Rd2 32. Re8+ Kh7 33.
Re2 Rd1+ 34. Bf1 Qg5 35. Re4 Nf6 36. Re7 Rd7 37. Rxd7 Nxd7 38. Qxb7 Qxg3+ 39.
Bg2 Qe1+ 40. Kh2 Qh4+ 41. Kg1 Qe1+ 42. Kh2 Qe5+ 43. Kg1 Qxc5+ 44. Kh1 Ne5 45.
f6 Kg6 46. Qb4 Qe3 47. Qh4 h5 48. Qe4+ Qxe4 49. Bxe4+ Kxf6 50. Kg2 Kg5 51. Bd5
f5 52. c4 Nd7 53. Kg3 Nc5 54. Bg2 f4+ 55. Kh3 a5 56. Bc6 Nd3 57. Bb7 Nf2+ 58.
Kg2 Nd3 59. Kh3 Nc5 60. Bc6 Kf5 61. Kh4 Ne4 62. Kh3 f3 63. c5 Ng5+ 64. Kg3 h4+
65. Kxh4 Kf4 66. Bb5 Ne6 67. c6 Ke3 68. Kg3 f2 69. Kg4 a4 70. a3 Kd2 71. Kg3
Ke1 72. Kg2 Nf4+ 73. Kf3 Nd5 1-0

[Event "V Festival Magistrale"]
[Site "Catania ITA"]
[Date "1994.08.09"]
[Round "4"]
[White "Parrella, Alfredo"]
[Black "Caruso, Augusto"]
[Result "1-0"]
[WhiteElo "2210"]
[BlackElo "2245"]
[PlyCount "115"]
[EventDate "1994.08.06"]

1. Nf3 d6 2. d4 Nf6 3. g3 g6 4. Bg2 Bg7 5. O-O O-O 6. c4 Nbd7 7. Nc3 Rb8 8. e4
e5 9. Re1 c6 10. a4 a5 11. h3 exd4 12. Nxd4 Nc5 13. Bf4 Re8 14. Nc2 Bf8 15. Qf3
Nh5 16. Be3 Nd3 17. Reb1 Bg7 18. Bd4 Bxd4 19. Nxd4 Ne5 20. Qe2 Qb6 21. Rd1 Qb4
22. Bf1 Be6 23. Nxe6 Rxe6 24. Kg2 Rf6 25. Rd2 Qc5 26. Rad1 Re8 27. Rd4 Ree6 28.
Qc2 Re8 29. Be2 Ng7 30. Qd2 Ne6 31. f4 Nxd4 32. Qxd4 Qxd4 33. Rxd4 Nd7 34. e5
Rfe6 35. Bg4 dxe5 36. Rxd7 f5 37. Bd1 exf4 38. gxf4 Re3 39. h4 h6 40. Bf3 R8e7
41. Rxe7 Rxe7 42. Kf2 Kg7 43. Na2 Re8 44. Nc1 Ra8 45. Nd3 Kf6 46. Nc5 Ra7 47.
Nd7+ Ke7 48. Nb6 Kf6 49. c5 g5 50. hxg5+ hxg5 51. fxg5+ Kxg5 52. Ke3 Ra6 53.
Be2 Ra7 54. b3 f4+ 55. Ke4 Ra6 56. Bxa6 bxa6 57. Kf3 Kf5 58. Nc4 1-0

[Event "V Festival Magistrale"]
[Site "Catania ITA"]
[Date "1994.08.09"]
[Round "4"]
[White "Sarno, Spartaco"]
[Black "Contin, Daniel"]
[Result "1/2-1/2"]
[WhiteElo "2390"]
[BlackElo "2425"]
[PlyCount "121"]
[EventDate "1994.08.06"]

1. d4 Nf6 2. c4 e6 3. Nf3 Bb4+ 4. Nbd2 b6 5. a3 Bxd2+ 6. Qxd2 Bb7 7. e3 O-O 8.
Be2 d6 9. O-O Nbd7 10. b4 Ne4 11. Qc2 c5 12. Bb2 f5 13. Ne1 Qg5 14. f4 Qh6 15.
bxc5 bxc5 16. Rb1 Bc6 17. Nd3 Rac8 18. Rf3 Qh4 19. dxc5 Ndxc5 20. Nxc5 Nxc5 21.
Rg3 Rc7 22. Qc3 Qe7 23. Qa5 Qd8 24. Rd1 Ne4 25. Rh3 Rb7 26. Qxd8 Rxd8 27. Bd4
Rb3 28. g4 Nc3 29. Bxc3 Rxc3 30. gxf5 exf5 31. a4 Be4 32. Rd4 Rb8 33. Rd2 Ra3
34. Kf2 Rxa4 35. Rg3 Rd8 36. Rg1 Kf7 37. c5 d5 38. Rc1 Ke7 39. Rb2 d4 40. exd4
Bc6 41. Bf3 Bxf3 42. Kxf3 Rdxd4 43. Rb7+ Kf6 44. Rg1 Rxf4+ 45. Ke3 Rfe4+ 46.
Kd3 Rad4+ 47. Kc3 Rc4+ 48. Kb3 Rg4 49. Rxg4 Rxg4 50. Rxa7 Ke6 51. h3 Rg1 52.
Kc4 f4 53. Kd4 Re1 54. c6 f3 55. c7 Rc1 56. Ke3 Rc3+ 57. Kd2 Rc5 58. Ke3 Rc3+
59. Kd2 Rc5 60. Ke3 Rc3+ 61. Kd2 1/2-1/2

[Event "V Festival Magistrale"]
[Site "Catania ITA"]
[Date "1994.08.09"]
[Round "4"]
[White "Sedina, Elena"]
[Black "Sale, Srdjan"]
[Result "1-0"]
[WhiteElo "2335"]
[BlackElo "2405"]
[PlyCount "79"]
[EventDate "1994.08.06"]

1. e4 c5 2. Nf3 e6 3. c3 Nf6 4. e5 Nd5 5. d4 cxd4 6. cxd4 b6 7. Nc3 Nxc3 8.
bxc3 Qc7 9. Bd2 d6 10. Bd3 Bb7 11. O-O Nd7 12. Re1 Be7 13. Bg5 Qd8 14. Bf4 d5
15. Nd2 Rc8 16. Rc1 Rc7 17. Qg4 g5 18. Be3 h5 19. Qe2 Nb8 20. f4 gxf4 21. Bxf4
Qc8 22. Qf3 Nc6 23. Nf1 Ba6 24. Bxa6 Qxa6 25. Ng3 h4 26. Nh5 Qxa2 27. Nf6+ Kd8
28. Qg4 Bf8 29. c4 Nxd4 30. Bg5 Bc5 31. Nxd5+ Kc8 32. Be3 Nf5 33. Bxc5 Rxc5 34.
Ra1 Qd2 35. Red1 Ne3 36. Nxb6+ Kb8 37. Rxd2 Nxg4 38. Nd7+ Kc7 39. Nxc5 Kc6 40.
Ne4 1-0

[Event "V Festival Magistrale"]
[Site "Catania ITA"]
[Date "1994.08.09"]
[Round "4"]
[White "Stassi, Emilio"]
[Black "Ciampi, Vincenzo"]
[Result "1/2-1/2"]
[WhiteElo "2150"]
[BlackElo "2175"]
[PlyCount "57"]
[EventDate "1994.08.06"]

1. d4 Nf6 2. c4 g6 3. Nc3 Bg7 4. e4 d6 5. h3 Nbd7 6. Nf3 e5 7. dxe5 dxe5 8. Be2
O-O 9. Be3 c6 10. O-O Qe7 11. Qc2 Nh5 12. Rfe1 Nf4 13. Bf1 Nc5 14. Rad1 b6 15.
Kh2 a5 16. Qd2 Nfe6 17. Qc1 Bb7 18. Bh6 f6 19. Be3 Rfd8 20. Qc2 Rxd1 21. Rxd1
Rd8 22. Kg1 Bf8 23. a3 Rxd1 24. Qxd1 Qd6 25. Be2 Qxd1+ 26. Bxd1 Ba6 27. b4 axb4
28. axb4 Nd7 29. b5 1/2-1/2

[Event "V Festival Magistrale"]
[Site "Catania ITA"]
[Date "1994.08.09"]
[Round "4"]
[White "Urday Caceres, Henry"]
[Black "De La Rocha Prieto, Ramon"]
[Result "1-0"]
[WhiteElo "2470"]
[BlackElo "2340"]
[PlyCount "67"]
[EventDate "1994.08.06"]

1. d4 e6 2. Nf3 f5 3. g3 Nf6 4. c4 d5 5. Qc2 c6 6. Bg2 Bd6 7. O-O O-O 8. b3 Qe7
9. Bb2 b6 10. Nbd2 Bb7 11. Ne5 Rc8 12. Rac1 Nbd7 13. Rfd1 a5 14. e3 Ne4 15. Nd3
Nxd2 16. Qxd2 Ba6 17. f3 dxc4 18. bxc4 c5 19. d5 exd5 20. Nf2 d4 21. exd4 Ra7
22. d5 Qf7 23. Re1 Nf8 24. f4 b5 25. Be5 Qc7 26. Bh3 bxc4 27. Bxf5 Re8 28. Qc3
Qd8 29. Bxd6 Rxe1+ 30. Rxe1 Qxd6 31. Qe5 Qd8 32. d6 Bc8 33. Qd5+ Rf7 34. Re7
1-0

[Event "V Festival Magistrale"]
[Site "Catania ITA"]
[Date "1994.08.10"]
[Round "5"]
[White "Ciampi, Vincenzo"]
[Black "Parrella, Alfredo"]
[Result "1/2-1/2"]
[WhiteElo "2175"]
[BlackElo "2210"]
[PlyCount "63"]
[EventDate "1994.08.06"]

1. c4 e5 2. Nc3 Nf6 3. g3 d5 4. cxd5 Nxd5 5. Bg2 Nb6 6. Nf3 Nc6 7. d3 Be7 8.
O-O O-O 9. Be3 Be6 10. Qc1 f6 11. Rd1 Qc8 12. Ne4 Nd5 13. Bc5 b6 14. Bxe7 Ndxe7
15. Qc3 Bd5 16. Rac1 Qe6 17. a3 Rac8 18. Ned2 Qf7 19. Nc4 Rfd8 20. e4 Be6 21.
d4 exd4 22. Nxd4 Nxd4 23. Rxd4 c5 24. Rxd8+ Rxd8 25. Ne3 Nc6 26. Nd5 Nd4 27.
Qd3 f5 28. Nf4 fxe4 29. Bxe4 Bf5 30. Bxf5 Qxf5 31. Qxf5 Nxf5 32. b4 1/2-1/2